Grip A : la prevenció és la millor mesura per evitar la grip A la prevenció és la millor mesura per evitar la grip A
Publicado:
Barcelona :
Generalitat de Catalunya. Departament de Salut, Diputació de Barcelona ,
2009
Descripción Física:
1 díptic : il. col. ; 21 cm
Materias:
Grip -- Prevenció
MARC
| LEADER | 00000nam a2200000Ia 4500 | ||
|---|---|---|---|
| 001 | 22073 | ||
| 008 | 160829s2009 xx 000 0 cat d | ||
| 080 | |a FU-47-70 | ||
| 245 | |a Grip A : |b la prevenció és la millor mesura per evitar la grip A | ||
| 260 | |a Barcelona : |b Generalitat de Catalunya. Departament de Salut, Diputació de Barcelona, |c 2009 | ||
| 300 | |a 1 díptic : |b il. col. ; |c 21 cm | ||
| 650 | |a Grip |x Prevenció |9 39490 | ||
| 710 | 1 | |a Barcelona (Catalunya : Província). |b Diputació |9 52408 | |
| 710 | 1 | |a Catalunya. |b Departament de Salut |9 56418 | |
| 901 | |a Arxiu | ||
| 942 | |n 1 | ||
| 952 | |0 0 |1 0 |4 0 |6 FU4770 |7 1 |9 49042 |a Arxiu |b Arxiu |d 2016-12-01 |l 0 |o FU-47-70 |p 22073 |r 2016-12-01 00:00:00 |w 2016-12-01 |y ARXIU | ||
| 999 | |c 52878 |d 52878 | ||